| 000 | 00569nam a2200181 i 4500 | ||
|---|---|---|---|
| 001 | 30847 | ||
| 003 | ES-MaACL | ||
| 005 | 20230906154249.0 | ||
| 007 | t| | ||
| 008 | 030127s1962 sp ||||1| spa d | ||
| 100 | 1 |
_aBellini, Luigi. _927225 |
|
| 245 | 1 | 3 |
_aEl mundo de los anticuarios / _cLuigi Bellini ; prefacio de Rafaello Franchi ; traducción de Myrta Casacuberta. |
| 260 |
_a[Barcelona] : _bZeus, _c[1962] |
||
| 300 |
_a328 p. ; _c18 cm. |
||
| 700 | 1 |
_aFranchi, Rafaello. _952169 |
|
| 700 | 1 |
_aCasacuberta, Myrta. _935992 |
|
| 852 |
_aES-MaACL _jC-21712 _bR.50051 |
||
| 999 |
_c30847 _d30847 |
||